MyGZULibrary

In a different voice : (Record no. 3753)

MARC details
000 -LEADER
fixed length control field 01092nam a2200289 a 4500
001 - CONTROL NUMBER
control field 3481958
003 - CONTROL NUMBER IDENTIFIER
control field GZU
005 - DATE AND TIME OF LATEST TRANSACTION
control field 20201210153406.0
008 - FIXED-LENGTH DATA ELEMENTS--GENERAL INFORMATION
fixed length control field 931214r19931982mau b 001 0 eng
010 ## - LIBRARY OF CONGRESS CONTROL NUMBER
LC control number 93243596
020 ## - INTERNATIONAL STANDARD BOOK NUMBER
International Standard Book Number 0674445449
040 ## - CATALOGING SOURCE
Original cataloging agency DLC
Transcribing agency DLC
050 00 - LIBRARY OF CONGRESS CALL NUMBER
Classification number HQ1206
Item number GIL 1993
100 1# - MAIN ENTRY--PERSONAL NAME
Personal name Gilligan, Carol,
Dates associated with a name 1936-
245 10 - TITLE STATEMENT
Title In a different voice :
Remainder of title psychological theory and women's development /
Statement of responsibility, etc. Carol Gilligan.
260 ## - PUBLICATION, DISTRIBUTION, ETC.
Place of publication, distribution, etc. Cambridge, Mass. :
Name of publisher, distributor, etc. Harvard University Press,
Date of publication, distribution, etc. 1993.
300 ## - PHYSICAL DESCRIPTION
Extent xxvii, 184 p. ;
Dimensions 21 cm.
500 ## - GENERAL NOTE
General note Originally published: 1982. With new introduction.
504 ## - BIBLIOGRAPHY, ETC. NOTE
Bibliography, etc. note Includes bibliographical references (p. [177]-180) and index.
650 #0 - SUBJECT ADDED ENTRY--TOPICAL TERM
Topical term or geographic name entry element Women
General subdivision Psychology
-- Longitudinal studies.
650 #0 - SUBJECT ADDED ENTRY--TOPICAL TERM
Topical term or geographic name entry element Developmental psychology
General subdivision Longitudinal studies.
650 #0 - SUBJECT ADDED ENTRY--TOPICAL TERM
Topical term or geographic name entry element Moral development
General subdivision Longitudinal studies.
650 #2 - SUBJECT ADDED ENTRY--TOPICAL TERM
Topical term or geographic name entry element Women
General subdivision Psychology.
906 ## - LOCAL DATA ELEMENT F, LDF (RLIN)
a 7
b cbc
c orignew
d 2
e ncip
f 19
g y-gencatlg
942 ## - ADDED ENTRY ELEMENTS (KOHA)
Source of classification or shelving scheme Library of Congress Classification
Koha item type Books
Classification part 1206
Item part GIL
Call number prefix 1993
Holdings
Withdrawn status Lost status Damaged status Not for loan Collection code Home library Current library Shelving location Date acquired Inventory number Total Checkouts Full call number Barcode Date last seen Copy number Price effective from Koha item type
        Non-fiction City Campus Library City Campus Library General Stacks 12/10/2020 14485   HQ 1206 GIL 1993 008148 12/10/2020 c.1 12/10/2020 Books